| 000 | 01349am a2200469a 44500 | ||
|---|---|---|---|
| 003 | AR-BaBNM | ||
| 005 | 20251128211122.0 | ||
| 008 | 112120s2001 #AR|||||||||||000 | esp|| | ||
| 020 | _a950-9231-41-X | ||
| 040 | _cAR-BaBNM | ||
| 245 | 1 | 0 |
_aTeoría y filosofía política _bla tradición clásica y las nuevas fronteras |
| 250 | _a2ª ed. | ||
| 260 |
_aBuenos Aires _bCLACSO _c2001 |
||
| 300 | _a311 P. | ||
| 490 | 0 | _aCiencias Sociales | |
| 504 | _aIncluye bibliografía al final del volumen | ||
| 650 | 4 | _aCIENCIAS POLITICAS | |
| 650 | 4 | _aFILOSOFIA POLITICA | |
| 650 | 4 | _aTEORIA POLITICA | |
| 650 | 4 | _aHISTORIA DE LAS IDEAS | |
| 653 | _aHISTORIA DEL PENSAMIENTO | ||
| 700 | 1 |
_aBorón, Atilio A. _ecompilador |
|
| 700 | 1 | _aGargarella, Roberto | |
| 700 | 1 | _aRossi, Miguel A. | |
| 700 | 1 | _aBertelloni, Francisco | |
| 700 | 1 | _aGrüner, Eduardo | |
| 700 | 1 | _aVidela, Juan Daniel | |
| 700 | 1 | _aAmadeo, Javier | |
| 700 | 1 | _aMorresi, Sergio | |
| 700 | 1 | _aThwaites Rey, Mabel | |
| 700 | 1 | _aCastillo, José | |
| 700 | 1 | _aGutierrez, María Alicia | |
| 700 | 1 | _aGuiñazú, María Clelia | |
| 700 | 1 | _aCiriza, Alejandra | |
| 700 | 1 | _aDinerstein, Ana | |
| 700 | 1 | _aBellucci, Mabel | |
| 700 | 1 | _aRapisardi, Flavio | |
| 700 | 1 | _aCasaravilla, Diego | |
| 800 | 1 | _aBorón, Atilio A. | |
| 942 | _cBK | ||
| 998 | _cAlicia | ||
| 999 |
_c18309 _d18309 |
||